| 000 | 00737nam a22002297a 4500 | ||
|---|---|---|---|
| 005 | 20241203142552.0 | ||
| 010 | _aENG-142724 | ||
| 020 |
_c195.00 _a9789364440264 |
||
| 035 | _aEN-126256 | ||
| 037 | _bDBAD | ||
| 082 | _a660 | ||
| 100 |
_aMageswari, S. _974593 |
||
| 245 |
_aEngineering Chemistry/ _cby S. Mageswari; K. Balachandran [and] G. Vijayakumar |
||
| 250 | _a1 | ||
| 260 |
_aChennai _bMcGraw Hill Education Private Ltd _c2024 |
||
| 270 |
_aAnjana Complex, No. 5/90A, Butt Road, St Thomas Mount _bChennai _e600016 |
||
| 300 |
_axiv,193p. _c23cm(pb) |
||
| 500 | _aIncludes index | ||
| 700 |
_aBalachandran, K. _eAuthor _974594 |
||
| 700 |
_aG. Vijayakumar _eAuthor _974595 |
||
| 942 |
_2ddc _cEN _mMAG _h660 |
||
| 999 |
_c207366 _d207366 |
||